[Event "ESP-chT Rapid"]
[Site "Ubeda"]
[Date "2023.09.24"]
[Round "8.6"]
[White "Garrido Diaz, Jose Antonio"]
[Black "Gomez Gomez, Francisco Jose"]
[Result "1/2-1/2"]
[WhiteElo "2321"]
[BlackElo "2067"]
[PlyCount "115"]
[EventDate "2023.09.23"]
[EventType "team-swiss (rapid)"]
[EventRounds "9"]
[EventCountry "ESP"]
[SourceTitle "EXT 2024"]
[Source "ChessBase"]
[SourceDate "2023.10.10"]
[SourceVersion "1"]
[SourceVersionDate "2023.10.10"]
[SourceQuality "1"]
[WhiteTeam "El Caballo"]
[BlackTeam "Albatros"]
[WhiteTeamCountry "ESP"]
[BlackTeamCountry "ESP"]

1. e4 c5 2. Nf3 e6 3. d4 cxd4 4. Nxd4 Nf6 5. Nc3 Nc6 6. Ndb5 Bb4 7. a3 Bxc3+ 8. Nxc3 d5 9. Bd3 d4 10. Ne2 e5 11. 0-0 0-0 12. Ng3 Be6 13. h3 Rc8 14. Qf3 Nd7 15. b4 a5 16. Bd2 axb4 17. axb4 Qh4 18. Nf5 Bxf5 19. Qxf5 Qe7 20. Rfb1 Rfd8 21. b5 Ncb8 22. Ra7 Nc5 23. Bb4 g6 24. Qg4 Qd7 25. Qxd7 Rxd7 26. Ra8 Nxd3 27. cxd3 Rdd8 28. Be7 Re8 29. Bd6 Nd7 30. Ra7 Re6 31. Bb4 Rc7 32. Ba5 Nb6 33. Kf1 Kg7 34. Rb2 Rc1+ 35. Ke2 Na4 36. Ra2 b6 37. Rxa4 bxa5 38. Ra2 Rb6 39. R7xa5 Rb1 40. Rc2 R6xb5 41. Rxb5 Rxb5 42. g3 h5 43. f4 f6 44. Rc7+ Kh6 45. fxe5 fxe5 46. Re7 Kg5 47. Re6 h4 48. gxh4+ Kxh4 49. Rxg6 Kxh3 50. Kf3 Kh4 51. Re6 Rb3 52. Rxe5 Rxd3+ 53. Ke2 Re3+ 54. Kd2 Kg4 55. Rd5 Rxe4 56. Kd3 Rf4 57. Rxd4 Rxd4+ 58. Kxd4 1/2-1/2

[Event "ESP-chT Rapid"]
[Site "Ubeda"]
[Date "2023.09.23"]
[Round "3.8"]
[White "Ramirez Diaz, Jose Ramon"]
[Black "Gomez Gomez, Francisco Jose"]
[Result "0-1"]
[WhiteElo "2133"]
[BlackElo "2067"]
[PlyCount "66"]
[EventDate "2023.09.23"]
[EventType "team-swiss (rapid)"]
[EventRounds "9"]
[EventCountry "ESP"]
[SourceTitle "EXT 2024"]
[Source "ChessBase"]
[SourceDate "2023.10.10"]
[SourceVersion "1"]
[SourceVersionDate "2023.10.10"]
[SourceQuality "1"]
[WhiteTeam "Tomelloso"]
[BlackTeam "Albatros"]
[WhiteTeamCountry "ESP"]
[BlackTeamCountry "ESP"]

1. e4 c5 2. Nf3 e6 3. b3 d5 4. exd5 exd5 5. Bb2 Nf6 6. d4 Be7 7. Bd3 0-0 8. 0-0 Bg4 9. Nbd2 cxd4 10. Bxd4 Nc6 11. Bb2 Re8 12. Re1 Qb6 13. Nf1 Bc5 14. Rxe8+ Rxe8 15. Bxf6 Bxf2+ 16. Kh1 gxf6 17. Qd2 Be3 18. Nxe3 Rxe3 19. Nh4 Qd4 20. Rf1 Qe5 21. Bf5 Be2 22. Re1 d4 23. Bh3 Bg4 24. Rxe3 dxe3 25. Qe1 Bxh3 26. gxh3 Nd4 27. c3 Qe4+ 28. Ng2 Nf3 29. Qxe3 Qb1+ 30. Ne1 Qxe1+ 31. Qxe1 Nxe1 32. Kg1 Nd3 33. Kg2 Nc1 0-1

[Event "ESP-chT CECLUB Div2"]
[Site "Linares"]
[Date "2018.08.15"]
[Round "2.8"]
[White "Gomez Gomez, Francisco Jose"]
[Black "Hinojar Diez, David"]
[Result "0-1"]
[WhiteElo "2142"]
[BlackElo "2102"]
[PlyCount "80"]
[EventDate "2018.08.14"]
[EventType "team-swiss"]
[EventRounds "7"]
[EventCountry "ESP"]
[SourceTitle "CBM 186 Extra"]
[Source "ChessBase"]
[SourceDate "2018.08.24"]
[SourceVersion "1"]
[SourceVersionDate "2018.08.24"]
[SourceQuality "1"]
[WhiteTeam "Albatros"]
[BlackTeam "Liberty Chess"]
[WhiteTeamCountry "ESP"]
[BlackTeamCountry "ESP"]

1. e4 c5 2. Nc3 d6 3. f4 Nf6 4. Nf3 e6 5. Bb5+ Bd7 6. a4 Nc6 7. 0-0 Be7 8. d3 Qc7 9. e5 dxe5 10. fxe5 Nxe5 11. Bf4 Nxf3+ 12. Qxf3 Qc8 13. Qg3 Nh5 14. Qg4 Nxf4 15. Qxg7 Ng6 16. Rxf7 Qd8 17. Nd5 exd5 18. Re1 Rf8 19. Rexe7+ Qxe7 20. Rxe7+ Nxe7 21. Qxh7 Bxb5 22. axb5 Kd7 23. c4 Rf5 24. g4 Rf4 25. h3 dxc4 26. dxc4 Rxc4 27. Kg2 Rd4 28. Qh5 Rd5 29. Qh6 Rg8 30. b6 a6 31. Kf3 Rg6 32. Qh8 Rxb6 33. h4 Rb3+ 34. Ke2 Rd4 35. g5 Rxb2+ 36. Ke1 Rdd2 37. Qc3 Rh2 38. Qd3+ Kc6 39. Qe4+ Kb6 40. g6 Rhe2+ 0-1

[Event "ESP-chT CECLUB Div2"]
[Site "Linares"]
[Date "2018.08.14"]
[Round "1.8"]
[White "Insa Alfonso, Pablo"]
[Black "Gomez Gomez, Francisco Jose"]
[Result "1-0"]
[WhiteElo "2274"]
[BlackElo "2142"]
[PlyCount "81"]
[EventDate "2018.08.14"]
[EventType "team-swiss"]
[EventRounds "7"]
[EventCountry "ESP"]
[SourceTitle "CBM 186 Extra"]
[Source "ChessBase"]
[SourceDate "2018.08.24"]
[SourceVersion "1"]
[SourceVersionDate "2018.08.24"]
[SourceQuality "1"]
[WhiteTeam "Manises Eva"]
[BlackTeam "Albatros"]
[WhiteTeamCountry "ESP"]
[BlackTeamCountry "ESP"]

1. e4 c5 2. c4 Nc6 3. Ne2 g6 4. g3 Bg7 5. Bg2 e6 6. Nbc3 Nge7 7. 0-0 0-0 8. d3 Nd4 9. Nxd4 cxd4 10. Ne2 d6 11. f4 Rb8 12. b4 b5 13. cxb5 Rxb5 14. Bd2 d5 15. e5 Nf5 16. a4 Rb8 17. Qb3 h5 18. Bh3 f6 19. Bxf5 gxf5 20. Kh1 fxe5 21. fxe5 Bxe5 22. Nf4 Qe8 23. Rae1 Bg7 24. b5 Qf7 25. Bb4 Rd8 26. Qd1 a6 27. b6 Rxb6 28. Ba5 Rbd6 29. Bxd8 Rxd8 30. Nxh5 e5 31. Nxg7 Qxg7 32. Qc2 e4 33. Rc1 Be6 34. Qc6 Qe7 35. Qb6 Qf6 36. g4 Rf8 37. gxf5 Bxf5 38. Rc6 Qe5 39. Rg1+ Kh8 40. Rh6+ Bh7 41. Rxh7+ 1-0

[Event "ESP-chT CECLUB Div2"]
[Site "Ciudad Real"]
[Date "2013.08.11"]
[Round "6.4"]
[White "Silva Rodriguez, Julio Jose"]
[Black "Gomez Gomez, Francisco Jose"]
[Result "1-0"]
[WhiteElo "2198"]
[BlackElo "2172"]
[PlyCount "127"]
[EventDate "2013.08.07"]
[EventType "team-swiss"]
[EventRounds "6"]
[EventCountry "ESP"]
[SourceTitle "CBM 155 Extra"]
[Source "ChessBase"]
[SourceDate "2013.08.26"]
[SourceVersion "1"]
[SourceVersionDate "2013.08.26"]
[SourceQuality "1"]
[WhiteTeam "Manises Eva"]
[BlackTeam "Aislado"]
[WhiteTeamCountry "ESP"]
[BlackTeamCountry "ESP"]

1. e4 c5 2. Nf3 e6 3. Nc3 Nc6 4. d4 cxd4 5. Nxd4 Nf6 6. Ndb5 Bb4 7. a3 Bxc3+ 8. Nxc3 d5 9. exd5 exd5 10. Bd3 0-0 11. 0-0 d4 12. Ne2 Bg4 13. f3 Bh5 14. Nf4 Bg6 15. Nxg6 hxg6 16. f4 Qd5 17. b4 Rad8 18. Bb2 Rfe8 19. Qf3 a6 20. Rad1 Re3 21. Qxd5 Nxd5 22. Bc4 Nc3 23. Rde1 Rde8 24. Bxc3 dxc3 25. Kf2 R3e4 26. g3 Kf8 27. Bd3 Rd4 28. Rxe8+ Kxe8 29. Re1+ Kd7 30. Re4 Rd5 31. Rc4 g5 32. fxg5 Rxg5 33. Rxc3 Rh5 34. h4 Kd6 35. Be4 a5 36. Rd3+ Kc7 37. c3 axb4 38. axb4 Re5 39. Re3 Rh5 40. Bf3 Rf5 41. g4 Rf6 42. Kg3 Kd6 43. h5 b6 44. Bxc6 Kxc6 45. Rf3 Rd6 46. Rxf7 Rd3+ 47. Rf3 Rd1 48. Kh4 Kd5 49. Rf7 Kc4 50. Rc7+ Kb3 51. Rc6 b5 52. Rc5 Rd7 53. Kg5 Rf7 54. Rxb5 Kxc3 55. Rf5 Rb7 56. b5 Kd4 57. Kg6 Ke4 58. b6 Rxb6+ 59. Kxg7 Rb1 60. Kg6 Rb6+ 61. Rf6 Rb1 62. h6 Ke5 63. h7 Rg1 64. g5 1-0

[Event "Extremadura-chT Honor"]
[Site "Merida"]
[Date "2010.05.09"]
[Round "6"]
[White "Carrasco Martinez, Juan Manuel"]
[Black "Gomez Gomez, Francisco Jose"]
[Result "1-0"]
[WhiteElo "2401"]
[BlackElo "2095"]
[PlyCount "31"]
[EventDate "2010.03.06"]
[EventType "team"]
[EventRounds "9"]
[EventCountry "ESP"]
[SourceTitle "EXT 2014"]
[Source "ChessBase"]
[SourceDate "2013.11.20"]
[SourceVersion "1"]
[SourceVersionDate "2013.11.20"]
[SourceQuality "1"]

1. d4 e6 2. Nf3 c5 3. g3 b5 4. Bg2 Bb7 5. 0-0 Nf6 6. a4 b4 7. Nbd2 d5 8. c4 Nc6 9. cxd5 Nxd5 10. dxc5 Bxc5 11. Nb3 Be7 12. a5 a6 13. e4 Nf6 14. Qe2 Nxe4 15. Qxe4 Nxa5 16. Qe3 1-0

[Event "Extremadura-chT Honor"]
[Site "Merida"]
[Date "2010.03.20"]
[Round "3"]
[White "Gomez Gomez, Francisco Jose"]
[Black "Ribeiro, Jose Miguel Saraiva"]
[Result "0-1"]
[WhiteElo "2095"]
[BlackElo "2138"]
[PlyCount "88"]
[EventDate "2010.03.06"]
[EventType "team"]
[EventRounds "9"]
[EventCountry "ESP"]
[SourceTitle "EXT 2014"]
[Source "ChessBase"]
[SourceDate "2013.11.20"]
[SourceVersion "1"]
[SourceVersionDate "2013.11.20"]
[SourceQuality "1"]

1. e4 e6 2. d4 d5 3. Nc3 Bb4 4. e5 c5 5. a3 cxd4 6. axb4 dxc3 7. Qg4 Kf8 8. Nf3 Qc7 9. Qg3 Ne7 10. Bd3 Nbc6 11. bxc3 Nxb4 12. cxb4 Qc3+ 13. Ke2 Qxa1 14. Bh6 Qxh1 15. Qxg7+ Ke8 16. Bb5+ Kd8 17. Qxh8+ Kc7 18. Qf8 Nf5 19. Qc5+ Kb8 20. g4 b6 21. Qc6 Qxf3+ 22. Kxf3 Nd4+ 23. Kf4 Nxc6 24. Bxc6 Bb7 25. Be8 a5 26. bxa5 bxa5 27. Bxf7 a4 28. Bf8 a3 29. Bd6+ Kc8 30. Bxe6+ Kd8 31. Kf5 a2 32. Kf6 a1Q 33. Kf7 Qf1 34. Bf5 Bc8 35. e6 Bxe6+ 36. Kxe6 Ra6 37. Bd3 Qe1+ 38. Kxd5 Ra5+ 39. Kc4 Qe6+ 40. Kb4 Rg5 41. Bc5 Qxg4+ 42. c4 Rxc5 43. Kxc5 Qh4 44. Kb5 Kc7 0-1

[Event "ESP-ch Universities"]
[Site "Madrid"]
[Date "2008.05.08"]
[Round "3"]
[White "Gomez Gomez, Francisco Jose"]
[Black "Cruz Alvarez de Ron, Dan"]
[Result "0-1"]
[WhiteElo "2097"]
[BlackElo "2269"]
[PlyCount "40"]
[EventDate "2008.05.08"]
[EventType "swiss"]
[EventRounds "9"]
[EventCountry "ESP"]
[SourceTitle "CBM 124 Extra"]
[Source "ChessBase"]
[SourceDate "2008.07.03"]
[SourceVersion "1"]
[SourceVersionDate "2008.07.03"]
[SourceQuality "1"]

1. d4 e6 2. e4 d5 3. Nc3 dxe4 4. Nxe4 Bd7 5. Bd3 Bc6 6. Nf3 Nd7 7. Qe2 Be7 8. c3 Ngf6 9. Nxf6+ Bxf6 10. Bf4 0-0 11. 0-0-0 Qe7 12. h4 Rfe8 13. Bxh7+ Kxh7 14. Ng5+ Kg8 15. Rh3 Nf8 16. Qg4 e5 17. dxe5 Bxe5 18. h5 Ne6 19. Be3 Nxg5 20. Bxg5 Qe6 0-1

[Event "EU-Cup 23rd"]
[Site "Kemer"]
[Date "2007.10.07"]
[Round "5.6"]
[White "Willemze, Thomas"]
[Black "Gomez Gomez, Francisco Jose"]
[Result "1-0"]
[WhiteElo "2417"]
[BlackElo "2083"]
[PlyCount "87"]
[EventDate "2007.10.03"]
[EventType "team-swiss"]
[EventRounds "7"]
[EventCountry "TUR"]
[SourceTitle "CBM 121"]
[Source "ChessBase"]
[SourceDate "2007.11.14"]
[SourceVersion "1"]
[SourceVersionDate "2007.11.14"]
[SourceQuality "1"]
[WhiteTeam "Utrecht"]
[BlackTeam "Ajoblanco Extremadura"]
[WhiteTeamCountry "NED"]
[BlackTeamCountry "ESP"]

1. e4 e6 2. d4 d5 3. Nc3 dxe4 4. Nxe4 Nd7 5. Bd3 Ngf6 6. Ne2 Nxe4 7. Bxe4 Nf6 8. Bf3 c5 9. 0-0 Be7 10. Be3 Qc7 11. dxc5 Bxc5 12. Bxc5 Qxc5 13. Qd4 Qxd4 14. Nxd4 Ke7 15. Rfe1 Rd8 16. Rad1 Kf8 17. c4 Bd7 18. Rd2 Rab8 19. Red1 Ke7 20. b4 Ba4 21. Re1 Rd7 22. Nf5+ Kf8 23. Rxd7 Bxd7 24. Nd6 Bc6 25. Bxc6 bxc6 26. a3 Rd8 27. Nb7 Rd3 28. a4 Ke7 29. b5 cxb5 30. axb5 Rc3 31. Na5 Ne4 32. f3 Nd6 33. Nc6+ Kd7 34. Ra1 Nc8 35. Rd1+ Kc7 36. Na5 Nd6 37. Ra1 Nxc4 38. Nxc4 Rxc4 39. Rxa7+ Kb6 40. Rxf7 Rc7 41. Rf8 Kxb5 42. Re8 Kc6 43. Rxe6+ Kd7 44. Re4 1-0

[Event "EU-Cup 23rd"]
[Site "Kemer"]
[Date "2007.10.06"]
[Round "4.6"]
[White "Gomez Gomez, Francisco Jose"]
[Black "Berg, Roy"]
[Result "1-0"]
[WhiteElo "2083"]
[BlackElo "2125"]
[PlyCount "71"]
[EventDate "2007.10.03"]
[EventType "team-swiss"]
[EventRounds "7"]
[EventCountry "TUR"]
[SourceTitle "CBM 121"]
[Source "ChessBase"]
[SourceDate "2007.11.14"]
[SourceVersion "1"]
[SourceVersionDate "2007.11.14"]
[SourceQuality "1"]
[WhiteTeam "Ajoblanco Extremadura"]
[BlackTeam "Reykjavik Hellir"]
[WhiteTeamCountry "ESP"]
[BlackTeamCountry "ISL"]

1. d4 Nf6 2. Bg5 d5 3. Bxf6 exf6 4. e3 Bd6 5. c4 dxc4 6. Bxc4 0-0 7. Nc3 Nc6 8. Rc1 f5 9. Nf3 Ne7 10. 0-0 Ng6 11. Nb5 c6 12. Nxd6 Qxd6 13. Qb3 Rb8 14. Rfd1 h6 15. Ne5 Nxe5 16. dxe5 Qxe5 17. Bxf7+ Kh7 18. Rc3 Qe7 19. Bc4 b5 20. Rdc1 Bd7 21. Bd3 Kh8 22. Qc2 Rf6 23. Be2 Rb6 24. Bf3 Rd6 25. Rc5 Qe6 26. Rd1 Kg8 27. g3 Rxd1+ 28. Qxd1 Kf7 29. Qd4 Rb7 30. Rd5 Be8 31. Rd6 Qxa2 32. Bh5+ Kf8 33. Rd8 Re7 34. Qd6 Qb1+ 35. Kg2 Qe4+ 36. f3 1-0

[Event "EU-Cup 23rd"]
[Site "Kemer"]
[Date "2007.10.03"]
[Round "1.6"]
[White "Silva, Sebastian"]
[Black "Gomez Gomez, Francisco Jose"]
[Result "1-0"]
[WhiteElo "2378"]
[BlackElo "2083"]
[PlyCount "91"]
[EventDate "2007.10.03"]
[EventType "team-swiss"]
[EventRounds "7"]
[EventCountry "TUR"]
[SourceTitle "CBM 121"]
[Source "ChessBase"]
[SourceDate "2007.11.14"]
[SourceVersion "1"]
[SourceVersionDate "2007.11.14"]
[SourceQuality "1"]
[WhiteTeam "Clichy Echecs 92"]
[BlackTeam "Ajoblanco Extremadura"]
[WhiteTeamCountry "FRA"]
[BlackTeamCountry "ESP"]

1. d4 Nf6 2. Nf3 g6 3. Nc3 d5 4. Bf4 Bg7 5. e3 0-0 6. Be2 b6 7. Ne5 Bb7 8. h4 c5 9. h5 Nc6 10. hxg6 hxg6 11. Qd2 Nxe5 12. Bxe5 Ne4 13. Nxe4 dxe4 14. Bxg7 Kxg7 15. 0-0-0 Rc8 16. dxc5 Qxd2+ 17. Rxd2 Rxc5 18. Rd7 Rfc8 19. c3 R8c7 20. Rhd1 Kf6 21. Kc2 Bc8 22. Rxc7 Rxc7 23. a3 Rc5 24. Rd2 Rg5 25. g3 Bh3 26. b4 Rf5 27. Ba6 Kg5 28. Bb7 Bg2 29. Rd5 e6 30. Rxf5+ Kxf5 31. c4 Kg4 32. c5 bxc5 33. bxc5 Kf3 34. c6 e5 35. Kd2 Kxf2 36. g4 Bh3 37. Bc8 f5 38. gxf5 gxf5 39. c7 f4 40. Bxh3 fxe3+ 41. Kc2 e2 42. c8Q e1Q 43. Qf5+ Ke3 44. Qg5+ Kf3 45. Bg2+ Ke2 46. Qg4+ 1-0

[Event "Deba op"]
[Site "Deba"]
[Date "2006.10.14"]
[Round "2"]
[White "Gomez Gomez, Francisco Jose"]
[Black "Estevez Rodriguez, Omar"]
[Result "1-0"]
[WhiteElo "2052"]
[BlackElo "1809"]
[PlyCount "63"]
[EventDate "2006.10.13"]
[EventType "swiss"]
[EventRounds "7"]
[EventCountry "ESP"]
[SourceTitle "EXT 2007"]
[Source "ChessBase"]
[SourceDate "2006.11.23"]
[SourceVersion "1"]
[SourceVersionDate "2006.11.23"]
[SourceQuality "1"]

1. e4 b6 2. d4 Bb7 3. Nc3 e6 4. Nf3 Bb4 5. Bd3 Nf6 6. e5 Nd5 7. Bd2 d6 8. Nxd5 Bxd2+ 9. Nxd2 Bxd5 10. Qg4 0-0 11. 0-0 dxe5 12. dxe5 h6 13. f4 Nd7 14. Rae1 Nc5 15. Re3 f5 16. Qg6 Qe8 17. Qxe8 Rfxe8 18. Rd1 Rad8 19. Bb5 c6 20. Be2 Ne4 21. Nf3 c5 22. Bb5 Rf8 23. Red3 Rc8 24. c4 Bc6 25. Bxc6 Rxc6 26. Rd7 Rf7 27. Rxf7 Kxf7 28. Rd7+ Kf8 29. Nh4 g5 30. Ng6+ Ke8 31. Rxa7 gxf4 32. Ne7 1-0